000 00942nam0a22002651 4500
001 rc\2372338
005 20110829160437.1
035 _a(NLR Aleph) 006601293
090 _a7250692
_c7250692
100 _a20110829d1976 |||y0rusy50 ca
101 0 _arus
102 _aRU
105 _aa z |||||
200 1 _aЭлектромагнитные поля в электрических машинах
_eУчеб. пособие
_fМ-во высш. и сред. спец. образ. СССР. Моск. авиац. ин-т им. Серго Орджоникидзе
210 _aМосква
_cБ. и.
_d1976
215 _a87 с.
_cил.
_d21
320 _aБиблиогр.: с. 86
700 1 _aЗечихин
_bБ. С.
_gБорис Семенович
801 0 _aRU
_bNLR
_gpsbo
801 1 _aRU
_bELAR
_2rusmarc
852 _aNLR
_j76-4/27592
899 _aRuMoRGB
_jБ 76-25/683
899 _aRuMoRGB
_jБ 76-25/684
942 _cBOOK
980 _aNB